000
00314nam a22001457a 4500
003
SGT
020
_a
978-93-81608-61-6
082
_a
615
_b
P15M
100
_a
MANOHAR, SUJITHRA RAM
245
_a
PRAMEHA
260
_a
NEW DELHI
_b
CHAUKHAMBHA PUB
_c
2015
300
_a
425
650
_a
AYURVEDA
942
_2
ddc
_c
BK
_0
3
999
_c
14509
_d
14509